LEADER 01404nam a2200229 i 4500 001 000000193991 003 CaOOAMICUS 005 20101102000000.0 008 101102s1568 xx u000 u lat u 013 $a172636 040 $aSeMil$bita 245 10$aOpera, postrema hac editione insignibus accessionibus locupletata ... [precede :] Bernardi Iustiniani ... in Beati Laurentii vitam ... ad monachos carthusienses. 260 $aLione :$bexcudebat Petrus Rufinus,$c1568 ; Ed. : apud haer. Jacobi Junctae. 260 $aLione :$bapud haer. Jacobi Junctae,$c1568 ; Ed. : apud haer. Jacobi Junctae. 300 $a21,5 x 33 ;$cpp. 896 ;$crom. 500 $aDescrizione da : Incunaboli e Cinquecentine della Biblioteca del Seminario di Milano / catalogo a cura di Ubaldo Valentini, Milano 1981. - Numero di catalogo : 992. 700 1 $aGiustiniani, Lorenzo,$c.$0(OLS)http://semarc/name/10349 850 $aSeMil 852 $aSeMil$W1$xVenegono$y1$mFV.C V 31$j144565$B144565$CSeMilBibl$Z2$F155856 $86 996 $6245$aOpera, postrema hac editione insignibus accessionibus locupletata ... [precede :] Bernardi Iustiniani ... in Beati Laurentii vitam ... ad monachos carthusienses$9(OLS)http://semarc/title/279647 996 $6260$aLione :$bapud haer. Jacobi Junctae$9(OLS)http://semarc/publisher/47599 996 $6260$aLione :$bexcudebat Petrus Rufinus$9(OLS)http://semarc/publisher/50532 LEADER 01363nam a2200253 i 4500 001 000000076331 003 CaOOAMICUS 005 20240111101553.0 008 110812s1805 it u000 u ita u 013 $a47503 026 $aheor 16o, nato reLa (3) 1805 (A) 040 $aSeMil$bita 100 1 $aCavalcanti, Bartolomeo,$d<1503-1562>.$0(OLS)http://semarc/name/37343 245 10$aTrattati sopra gli ottimi reggimenti delle repubbliche antiche e moderne di M. Bartolomeo Cavalcanti. 260 $aMilano :$bTip. de' Classici Italiani, contrada di S. Margherita, n.° 1118,$c1805. 300 $aXII, 240 p. ;$c8°. 500 $aContiene anche: Vita di m. Bartolomeo Cavalcanti tratta dalla Storia della letteratura italiana del cavaliere Girolamo Tiraboschi, p. III 700 1 $aTiraboschi, Girolamo,$d<1731-1794>.$0(OLS)http://semarc/name/2726 710 2 $aSocietà Tipografica de' Classici Italiani$c.$0(OLS)http://semarc/name/558 850 $aSeMil 852 $aSeMil$W1$xVenegono$y1$m1L I 22 FA$j42483$B42483$CSeMilBibl$Z2$F42487 $8I 996 $6245$aTrattati sopra gli ottimi reggimenti delle repubbliche antiche e moderne di M. Bartolomeo Cavalcanti$9(OLS)http://semarc/title/123704 996 $6260$aMilano :$bTip. de' Classici Italiani, contrada di S. Margherita, n.° 1118$9(OLS)http://semarc/publisher/29971